Los anales
Salvato in:
| Autore principale: | |
|---|---|
| Natura: | Libro |
| Lingua: | spagnolo |
| Pubblicazione: |
Barcelona
Iberia
1950
|
| Serie: | Obras maestras
|
| Soggetti: | |
| Tags: |
Aggiungi Tag
Nessun Tag, puoi essere il primo ad aggiungerne!!
|
MARC
| LEADER | 00000nam a2200000 a 4500 | ||
|---|---|---|---|
| 001 | UCH6920 | ||
| 003 | CL-VaPUC | ||
| 008 | 091109e19500000SP |||||||||||||||||spa|d | ||
| 082 | 0 | 4 | |a 937.07 |b TAC |2 21 |
| 100 | 0 | |a Tácito, Cayo Cornelio |e author |9 543489 | |
| 245 | 1 | 4 | |a Los anales |
| 300 | |a 444 p | ||
| 942 | |c BK | ||
| 945 | |d 20091109 00:00:00 |a lazolas | ||
| 260 | |a Barcelona |b Iberia |c 1950 | ||
| 650 | 0 | |a Historia |9 255047 | |
| 650 | 0 | |a Investigación histórica |9 344844 | |
| 650 | 0 | |a Biografías |9 255210 | |
| 651 | 0 | |a Roma |9 255106 | |
| 583 | |a last modification |c 20091109 00:00:00 |k Rodrigo Vera | ||
| 490 | 0 | |a Obras maestras | |
| 999 | |c 337717 |d 337715 | ||